000 00700nam a2200193 a 4500
003 0
005 20250203115721.0
008 130824s19uu xx 00 eng d
050 _aPHS RJ 506.S43
_b.D332 2013
100 _aDela Cruz, Francesca Marielle B.
245 _aBody image and self-esteem of grade 11 students /
_cFrancesca Marielle B. Dela Cruz.
260 _aLas PiƱas City, Philippines :
_bSouthville International School and Colleges,
_c2013.
300 _a27 p. :
_bill. ;
_c28 cm.
504 _aIncludes bibliographical references.
650 _aSelf-esteem in adolescence.
650 _aBody image in adolescence.
650 _aHigh school students
_vPsychology.
942 _2lcc
_cPASS
999 _c98948
_d98948